[Event "Oberliga Nord N 1314"]
[Site "Germany"]
[Date "2014.02.23"]
[Round "7.5"]
[White "Chen, Tsung"]
[Black "Schulz, Karsten"]
[Result "1/2-1/2"]
[WhiteElo "2268"]
[BlackElo "2302"]
[PlyCount "73"]
[EventDate "2013.10.13"]
[EventType "team-tourn"]
[EventRounds "9"]
[EventCountry "GER"]
[SourceTitle "EXT 2015"]
[Source "ChessBase"]
[SourceDate "2014.11.20"]
[SourceVersion "1"]
[SourceVersionDate "2014.11.20"]
[SourceQuality "1"]
[WhiteTeam "Hamburg Diogenes"]
[BlackTeam "Schwerin"]
[WhiteTeamCountry "GER"]
[BlackTeamCountry "GER"]

1. e4 g6 2. d4 Bg7 3. c3 d6 4. Nf3 Nf6 5. Bd3 0-0 6. 0-0 Nc6 7. Na3 e5 8. dxe5 Nxe5 9. Nxe5 dxe5 10. Nc4 Nh5 11. g3 Be6 12. Be2 b6 13. Qxd8 Raxd8 14. Be3 Rd7 15. Rfd1 Rfd8 16. Rxd7 Rxd7 17. a4 Bxc4 18. Bxc4 c6 19. Kf1 Nf6 20. f3 Bf8 21. Ke2 Bd6 22. Rd1 Be7 23. Bd3 Ne8 24. b4 Bd8 25. Bc2 Rxd1 26. Bxd1 Kf8 27. Bb3 Ke7 28. Kd3 f6 29. c4 a6 30. Bd1 Ng7 31. Be2 Ne6 32. c5 b5 33. a5 Bc7 34. Bf1 Bd8 35. Bh3 Bc7 36. Bg4 Bb8 37. Bh3 1/2-1/2

[Event "Berlin Lichtenrade op 06th"]
[Site "Berlin"]
[Date "2010.10.16"]
[Round "1"]
[White "Chen, Tsung"]
[Black "Hesselbarth, Karlheinz"]
[Result "1-0"]
[WhiteElo "2299"]
[BlackElo "1815"]
[PlyCount "69"]
[EventDate "2010.10.16"]
[EventType "swiss"]
[EventRounds "9"]
[EventCountry "GER"]
[SourceTitle "CBM 138 Extra"]
[Source "ChessBase"]
[SourceDate "2010.10.29"]
[SourceVersion "1"]
[SourceVersionDate "2010.10.29"]
[SourceQuality "1"]

1. e4 e5 2. Nf3 Nc6 3. Nc3 Nf6 4. g3 d6 5. Bg2 Be7 6. h3 Bd7 7. d4 0-0 8. 0-0 Be8 9. Be3 Nd7 10. Nd5 f6 11. c3 Bf7 12. Nd2 Nb6 13. Nxe7+ Nxe7 14. f4 Nc4 15. Nxc4 Bxc4 16. Re1 Ng6 17. Qd2 Bb5 18. Kh2 Bc6 19. d5 Bd7 20. f5 Ne7 21. h4 Qe8 22. Bf3 Kh8 23. Rg1 g6 24. g4 Rf7 25. c4 b6 26. b4 a5 27. a3 axb4 28. axb4 Rxa1 29. Rxa1 gxf5 30. gxf5 Rg7 31. c5 Nxf5 32. exf5 e4 33. Bd4 exf3 34. Bxf6 Bxf5 35. Qb2 1-0

[Event "Oberliga Nord N 0910"]
[Site "Germany"]
[Date "2010.03.21"]
[Round "8.2"]
[White "Chen, Tsung"]
[Black "Bokelbrink, Uwe"]
[Result "1/2-1/2"]
[WhiteElo "2291"]
[BlackElo "2310"]
[PlyCount "37"]
[EventDate "2009.10.18"]
[EventType "team-tourn"]
[EventRounds "9"]
[EventCountry "GER"]
[SourceTitle "EXT 2011"]
[Source "ChessBase"]
[SourceDate "2010.11.26"]
[SourceVersion "1"]
[SourceVersionDate "2010.11.26"]
[SourceQuality "1"]
[WhiteTeam "Hamburg Diogenes"]
[BlackTeam "Pinneberg"]
[WhiteTeamCountry "GER"]
[BlackTeamCountry "GER"]

1. e4 c6 2. d4 g6 3. Nf3 Bg7 4. c3 d6 5. Bd3 Nf6 6. 0-0 0-0 7. Nbd2 Qc7 8. Re1 Bg4 9. h3 Bxf3 10. Nxf3 e5 11. dxe5 dxe5 12. Bc4 b5 13. Bb3 Nbd7 14. Qe2 Nc5 15. Bc2 h6 16. a4 a6 17. axb5 axb5 18. Bd2 Rxa1 19. Rxa1 1/2-1/2

[Event "Oberliga Nord N 0910"]
[Site "Germany"]
[Date "2009.10.18"]
[Round "1.2"]
[White "Lindinger, Markus"]
[Black "Chen, Tsung"]
[Result "1/2-1/2"]
[WhiteElo "2283"]
[BlackElo "2291"]
[PlyCount "27"]
[EventDate "2009.10.18"]
[EventType "team-tourn"]
[EventRounds "9"]
[EventCountry "GER"]
[SourceTitle "EXT 2011"]
[Source "ChessBase"]
[SourceDate "2010.11.26"]
[SourceVersion "1"]
[SourceVersionDate "2010.11.26"]
[SourceQuality "1"]
[WhiteTeam "Hamburger SK"]
[BlackTeam "Hamburg Diogenes"]
[WhiteTeamCountry "GER"]
[BlackTeamCountry "GER"]

1. e4 e6 2. d4 d5 3. Nc3 Nf6 4. e5 Nfd7 5. f4 c5 6. Nf3 Nc6 7. Be3 Be7 8. Qd2 a6 9. dxc5 Nxc5 10. 0-0-0 0-0 11. Qf2 Qa5 12. Kb1 Na4 13. Nxa4 Qxa4 14. Nd4 1/2-1/2

[Event "Oberliga Nord N 0708"]
[Site "Germany"]
[Date "2008.04.06"]
[Round "8.3"]
[White "Chen, Tsung"]
[Black "Hermann, Matthias"]
[Result "1/2-1/2"]
[WhiteElo "2277"]
[BlackElo "2262"]
[PlyCount "55"]
[EventDate "2007.10.21"]
[EventType "team-tourn"]
[EventRounds "9"]
[EventCountry "GER"]
[SourceTitle "EXT 2009"]
[Source "ChessBase"]
[SourceDate "2008.11.26"]
[SourceVersion "1"]
[SourceVersionDate "2008.11.26"]
[SourceQuality "1"]
[WhiteTeam "Hamburg Diogenes"]
[BlackTeam "Hamburg Schachfreunde"]
[WhiteTeamCountry "GER"]
[BlackTeamCountry "GER"]

1. e4 d6 2. d4 g6 3. Nc3 Bg7 4. Be3 c6 5. Nf3 Bg4 6. Qd2 Bxf3 7. gxf3 Qa5 8. h4 Nf6 9. Bh3 Na6 10. f4 Rd8 11. f5 b5 12. f3 gxf5 13. Bxf5 e6 14. Bh3 b4 15. Ne2 d5 16. e5 Nd7 17. Kf2 c5 18. c3 Rc8 19. Bh6 Bf8 20. Bxf8 Rxf8 21. Qd3 Qb6 22. f4 f6 23. Kg2 cxd4 24. cxd4 fxe5 25. Rac1 Rxc1 26. Rxc1 e4 27. Qc2 Qd6 28. Qa4 1/2-1/2

[Event "Oberliga Nord N 0607"]
[Site "Germany"]
[Date "2007.04.01"]
[Round "8.4"]
[White "Lampe, Joerg"]
[Black "Chen, Tsung"]
[Result "0-1"]
[WhiteElo "2192"]
[BlackElo "2260"]
[PlyCount "96"]
[EventDate "2006.10.15"]
[EventType "team-tourn"]
[EventRounds "9"]
[EventCountry "GER"]
[SourceTitle "EXT 2019"]
[Source "ChessBase"]
[SourceDate "2018.10.10"]
[SourceVersion "1"]
[SourceVersionDate "2018.10.10"]
[SourceQuality "1"]
[WhiteTeam "Hamburg Koenigsspringer"]
[BlackTeam "Hamburg Diogenes"]
[WhiteTeamCountry "GER"]
[BlackTeamCountry "GER"]

1. e4 e6 2. d4 d5 3. Nd2 Nf6 4. Bd3 c5 5. c3 dxe4 6. Nxe4 Nxe4 7. Bxe4 cxd4 8. cxd4 Bb4+ 9. Bd2 Bxd2+ 10. Qxd2 Nd7 11. Ne2 Nf6 12. Bf3 0-0 13. Nc3 Qb6 14. 0-0 Rd8 15. Rfd1 Bd7 16. Rac1 Bc6 17. Bxc6 Qxc6 18. h3 Rd7 19. Qg5 Rad8 20. Qc5 Qa6 21. Qb4 h6 22. a4 b6 23. Rd2 Qb7 24. Rcd1 Nd5 25. Nxd5 Rxd5 26. Kf1 Qd7 27. Ke1 Qc7 28. Qc3 Qf4 29. Qe3 Qf6 30. f4 Qh4+ 31. Qf2 Qe7 32. Qe3 Qb4 33. b3 Rxd4 34. Ke2 Rxd2+ 35. Rxd2 Rxd2+ 36. Qxd2 Qxd2+ 37. Kxd2 Kf8 38. Kd3 Ke7 39. Kc4 Kd6 40. Kb5 f6 41. Ka6 e5 42. Kxa7 e4 43. Kxb6 e3 44. a5 e2 45. a6 e1Q 46. a7 Qe4 47. b4 Qc6+ 48. Ka5 Qb7 0-1

[Event "Oberliga Nord N 0607"]
[Site "Germany"]
[Date "2006.12.10"]
[Round "4.4"]
[White "Pust, Erich"]
[Black "Chen, Tsung"]
[Result "0-1"]
[WhiteElo "2103"]
[BlackElo "2260"]
[PlyCount "140"]
[EventDate "2006.10.15"]
[EventType "team-tourn"]
[EventRounds "9"]
[EventCountry "GER"]
[SourceTitle "EXT 2019"]
[Source "ChessBase"]
[SourceDate "2018.10.10"]
[SourceVersion "1"]
[SourceVersionDate "2018.10.10"]
[SourceQuality "1"]
[WhiteTeam "Mettenhof"]
[BlackTeam "Hamburg Diogenes"]
[WhiteTeamCountry "GER"]
[BlackTeamCountry "GER"]

1. d4 Nf6 2. c4 Nc6 3. Nc3 e5 4. d5 Ne7 5. e4 Ng6 6. g3 Bc5 7. h3 0-0 8. Bg2 d6 9. Nge2 Bd7 10. 0-0 a6 11. Qd3 Rb8 12. a4 Qe8 13. a5 h6 14. Kh2 Nh7 15. f4 f5 16. exf5 Bxf5 17. Be4 Bxe4 18. Nxe4 exf4 19. Bxf4 Ne5 20. Bxe5 Qxe5 21. Nxc5 dxc5 22. Nf4 Qxb2+ 23. Kh1 Rf6 24. Rab1 Qe5 25. Rbe1 Qd6 26. Re6 Rxe6 27. Nxe6 Nf8 28. Qf3 Qe7 29. Qg4 Nxe6 30. dxe6 Rf8 31. Rxf8+ Kxf8 32. Kg2 Qf6 33. e7+ Qxe7 34. Qc8+ Kf7 35. Qf5+ Kg8 36. Qd5+ Kh8 37. Qxb7 Qe2+ 38. Kg1 Qe1+ 39. Kg2 Qe2+ 40. Kg1 Qxc4 41. Qc8+ Kh7 42. Qf5+ Kg8 43. Qc8+ Kf7 44. Qxc7+ Kg6 45. Qb6+ Kf5 46. Qb8 Kf6 47. Qb6+ Kf5 48. Qb1+ Kg5 49. Qe1 Qd4+ 50. Kg2 Qd5+ 51. Kf2 Kf6 52. Kg1 c4 53. Qf2+ Ke5 54. Qe3+ Qe4 55. Qc5+ Kf6 56. Qf8+ Kg6 57. Qd6+ Kh7 58. Qxa6 c3 59. Kf2 c2 60. Qc8 Qd4+ 61. Kf3 Qd1+ 62. Ke4 Qe1+ 63. Kf3 c1Q 64. Qf5+ Kg8 65. Qd5+ Kh8 66. Qd8+ Kh7 67. Qd3+ Kg8 68. Qd5+ Kf8 69. Qd8+ Qe8 70. Qd6+ Kg8 0-1

[Event "Oberliga Nord N 0506"]
[Site "Germany"]
[Date "2006.04.02"]
[Round "9.4"]
[White "Chen, Tsung"]
[Black "Hamann, Carsten"]
[Result "1/2-1/2"]
[WhiteElo "2195"]
[BlackElo "2202"]
[PlyCount "54"]
[EventDate "2005.10.23"]
[EventType "team-tourn"]
[EventRounds "9"]
[EventCountry "GER"]
[SourceTitle "EXT 2007"]
[Source "ChessBase"]
[SourceDate "2006.11.23"]
[SourceVersion "1"]
[SourceVersionDate "2006.11.23"]
[SourceQuality "1"]
[WhiteTeam "Hamburg Diogenes"]
[BlackTeam "Kiel Meerbauer"]
[WhiteTeamCountry "GER"]
[BlackTeamCountry "GER"]

1. e4 e6 2. d3 d5 3. Qe2 Nf6 4. Nf3 Be7 5. g3 c5 6. Bg2 Nc6 7. 0-0 h6 8. h4 Qc7 9. e5 Nd7 10. Bf4 b5 11. Nbd2 Bb7 12. Rfe1 Nb6 13. c3 a5 14. Nf1 a4 15. Ne3 b4 16. c4 dxc4 17. dxc4 0-0-0 18. b3 g5 19. hxg5 hxg5 20. Bxg5 Bxg5 21. Nxg5 Nd4 22. Qf1 Qxe5 23. Bxb7+ Kxb7 24. Qg2+ Kb8 25. Nxf7 Qh5 26. Nxd8 Nf3+ 27. Kf1 Nd2+ 1/2-1/2

[Event "Oberliga Nord N 0506"]
[Site "Germany"]
[Date "2006.02.19"]
[Round "7.4"]
[White "Chen, Tsung"]
[Black "Leisner, Hannes"]
[Result "1-0"]
[WhiteElo "2195"]
[BlackElo "2000"]
[PlyCount "91"]
[EventDate "2005.10.23"]
[EventType "team-tourn"]
[EventRounds "9"]
[EventCountry "GER"]
[SourceTitle "EXT 2007"]
[Source "ChessBase"]
[SourceDate "2006.11.23"]
[SourceVersion "1"]
[SourceVersionDate "2006.11.23"]
[SourceQuality "1"]
[WhiteTeam "Hamburg Diogenes"]
[BlackTeam "Schwerin"]
[WhiteTeamCountry "GER"]
[BlackTeamCountry "GER"]

1. e4 c5 2. Nf3 e6 3. d3 Nc6 4. g3 g6 5. d4 cxd4 6. Nxd4 Qc7 7. Nc3 a6 8. Bg2 Bg7 9. Nde2 Nge7 10. b3 b5 11. Bb2 0-0 12. Qd2 Bb7 13. 0-0 Rfd8 14. Nf4 Rac8 15. Nd1 Bxb2 16. Nxb2 Ne5 17. Nbd3 d6 18. Rac1 a5 19. h3 b4 20. Ne2 d5 21. Nxe5 Qxe5 22. f4 Qc7 23. e5 Nf5 24. Rf2 Ba6 25. g4 Ne7 26. Nd4 Nc6 27. Nxc6 Qxc6 28. f5 Qc3 29. Qh6 Qc5 30. Bf1 Bxf1 31. Rcxf1 Qf8 32. Qh4 Qc5 33. fxe6 fxe6 34. Qf6 Qb6 35. Qf7+ Kh8 36. Kh1 Rf8 37. Qxf8+ Rxf8 38. Rxf8+ Kg7 39. g5 Qc7 40. R1f6 d4 41. R6f7+ Qxf7 42. Rxf7+ Kxf7 43. Kg2 h6 44. Kf3 hxg5 45. Kg4 Kg8 46. Kxg5 1-0

[Event "Hamburg Junge op"]
[Site "Hamburg"]
[Date "2005.10.07"]
[Round "7"]
[White "Homm, Marc Michael"]
[Black "Chen, Tsung"]
[Result "0-1"]
[WhiteElo "2043"]
[BlackElo "2195"]
[PlyCount "56"]
[EventDate "2005.10.01"]
[EventType "swiss"]
[EventRounds "9"]
[EventCountry "GER"]
[SourceTitle "CBM 108 Extra"]
[Source "ChessBase"]
[SourceDate "2005.11.04"]
[SourceVersion "1"]
[SourceVersionDate "2005.11.04"]
[SourceQuality "1"]

1. d4 e6 2. Nf3 Nf6 3. Bg5 c5 4. e3 Be7 5. c4 Qb6 6. Qc2 Nc6 7. dxc5 Qxc5 8. Nbd2 b6 9. Be2 Bb7 10. 0-0 Nb4 11. Qc3 0-0 12. Nb3 Qc8 13. Bxf6 gxf6 14. Qd4 Nc6 15. Qh4 Kh8 16. Bd3 f5 17. Ng5 Bxg5 18. Qxg5 f6 19. Qh4 Ne5 20. Be2 Qc6 21. f3 Ng6 22. Qf2 Rg8 23. Nd4 Qc5 24. f4 Nxf4 25. exf4 Rxg2+ 26. Qxg2 Bxg2 27. Kxg2 Rg8+ 28. Kh1 Qxd4 0-1

[Event "Hamburg Junge op"]
[Site "Hamburg"]
[Date "2005.10.01"]
[Round "1"]
[White "Kraft, Gerhard"]
[Black "Chen, Tsung"]
[Result "1/2-1/2"]
[WhiteElo "1848"]
[BlackElo "2195"]
[PlyCount "84"]
[EventDate "2005.10.01"]
[EventType "swiss"]
[EventRounds "9"]
[EventCountry "GER"]
[SourceTitle "CBM 108 Extra"]
[Source "ChessBase"]
[SourceDate "2005.11.04"]
[SourceVersion "1"]
[SourceVersionDate "2005.11.04"]
[SourceQuality "1"]

1. e4 e6 2. d4 d5 3. Nd2 Nf6 4. e5 Nfd7 5. Bd3 c5 6. c3 Nc6 7. Ne2 cxd4 8. cxd4 f6 9. f4 Qb6 10. Nf3 Be7 11. a3 a5 12. Qc2 Nf8 13. 0-0 Bd7 14. Be3 Rc8 15. Qd2 a4 16. Rac1 f5 17. h3 h6 18. g4 g6 19. Kg2 Kf7 20. Rc2 Nh7 21. Rfc1 Na5 22. Rxc8 Rxc8 23. Rxc8 Bxc8 24. Qc2 Bd7 25. Nc3 Nf8 26. Bf2 Nb3 27. Be3 Qa5 28. Qe2 Bxa3 29. gxf5 gxf5 30. Nxd5 Bxb2 31. Ng5+ Ke8 32. Qh5+ Kd8 33. Nf7+ Kc8 34. Ne7+ Kb8 35. Qxh6 Bxd4 36. Qxf8+ Ka7 37. Nd6 Qc3 38. Nec8+ Kb8 39. Nb6+ Ka7 40. Nbc8+ Kb8 41. Nb6+ Ka7 42. Nbc8+ Kb8 1/2-1/2

[Event "Oberliga Nord N 0102"]
[Site "Germany"]
[Date "2002.04.28"]
[Round "9.5"]
[White "Chen, Tsung"]
[Black "Bach, Matthias"]
[Result "0-1"]
[WhiteElo "2180"]
[BlackElo "2335"]
[PlyCount "79"]
[EventDate "2001.10.07"]
[EventType "team"]
[EventRounds "9"]
[EventCountry "GER"]
[SourceTitle "EXT 2002"]
[Source "ChessBase"]
[SourceDate "2001.11.25"]
[SourceVersion "1"]
[SourceVersionDate "2001.11.25"]
[SourceQuality "1"]
[WhiteTeam "Hamburg Diogenes"]
[BlackTeam "Hamburger SK II"]
[WhiteTeamCountry "GER"]
[BlackTeamCountry "GER"]

1. e4 c5 2. Nf3 Nf6 3. Nc3 d5 4. exd5 Nxd5 5. Bb5+ Bd7 6. Qe2 Nc7 7. Bxd7+ Qxd7 8. Ne4 e6 9. b3 Nc6 10. Bb2 Nd4 11. Nxd4 cxd4 12. c3 Be7 13. 0-0 0-0 14. Kh1 f5 15. Ng3 d3 16. Qf3 Qd5 17. Qxd5 Nxd5 18. f3 Nf4 19. Rfd1 h5 20. Kg1 Kf7 21. Kf1 g5 22. Nh1 g4 23. Nf2 Rad8 24. g3 Ng6 25. fxg4 hxg4 26. Kg2 Bf6 27. Ba3 Rh8 28. Bc5 b6 29. Be3 e5 30. a4 f4 31. gxf4 exf4 32. Bd4 Nh4+ 33. Kf1 g3 34. hxg3 fxg3 35. Ne4 Bxd4 36. cxd4 g2+ 37. Kg1 Rxd4 38. Ng5+ Kg6 39. Nf3 Nxf3+ 40. Kf2 0-1

[Event "Oberliga Nord N 0102"]
[Site "Germany"]
[Date "2001.11.25"]
[Round "3.6"]
[White "Jochens, Arne"]
[Black "Chen, Tsung"]
[Result "1/2-1/2"]
[WhiteElo "2145"]
[BlackElo "2180"]
[PlyCount "43"]
[EventDate "2001.10.07"]
[EventType "team"]
[EventRounds "9"]
[EventCountry "GER"]
[SourceTitle "EXT 2002"]
[Source "ChessBase"]
[SourceDate "2001.11.25"]
[SourceVersion "1"]
[SourceVersionDate "2001.11.25"]
[SourceQuality "1"]
[WhiteTeam "Kiel Meerbauer"]
[BlackTeam "Hamburg Diogenes"]
[WhiteTeamCountry "GER"]
[BlackTeamCountry "GER"]

1. e4 b6 2. d4 Bb7 3. Bd3 e6 4. Nf3 c5 5. 0-0 cxd4 6. Nxd4 Ne7 7. Bg5 f6 8. Bh4 Nbc6 9. Nb5 Ng6 10. Bg3 Nge5 11. f4 Nxd3 12. cxd3 a6 13. N5a3 Bc5+ 14. Bf2 Bxf2+ 15. Rxf2 0-0 16. Nc3 b5 17. Nc2 Qb6 18. Qd2 Nd4 19. Qe3 e5 20. Nd5 Bxd5 21. exd5 Qc5 22. fxe5 1/2-1/2

[Event "Wichern op 6th"]
[Site "Hamburg"]
[Date "2001.10.14"]
[Round "2.36"]
[White "Chen, Tsung"]
[Black "Duenas, Alexis"]
[Result "1-0"]
[WhiteElo "2181"]
[BlackElo "1938"]
[PlyCount "123"]
[EventDate "2001.10.21"]
[EventType "swiss"]
[EventRounds "9"]
[EventCountry "GER"]
[SourceTitle "EXT 2002"]
[Source "ChessBase"]
[SourceDate "2001.11.25"]
[SourceVersion "1"]
[SourceVersionDate "2001.11.25"]
[SourceQuality "1"]

1. e4 c5 2. Nf3 Nc6 3. Bb5 g6 4. 0-0 Bg7 5. Nc3 Nh6 6. Re1 0-0 7. d3 f6 8. Be3 d6 9. h3 Nf7 10. d4 Qb6 11. dxc5 dxc5 12. Bxc6 Qxc6 13. Qd5 Qxd5 14. Nxd5 b6 15. Nxe7+ Kh8 16. Nxc8 Raxc8 17. Rad1 Rc7 18. Nd2 Rd8 19. Nc4 Rcd7 20. Rxd7 Rxd7 21. a4 Bf8 22. Kf1 Kg8 23. Ke2 Ne5 24. Nxe5 fxe5 25. Rd1 Rxd1 26. Kxd1 Kf7 27. Kd2 Ke6 28. Kd3 Kd6 29. Bd2 Kc6 30. g3 a6 31. Bc3 Bd6 32. b3 b5 33. axb5+ axb5 34. Ke3 g5 35. Kf3 h5 36. Bd2 Be7 37. Ke2 Kd6 38. f4 exf4 39. gxf4 gxf4 40. Bxf4+ Ke6 41. Kf3 Bf6 42. Be3 c4 43. bxc4 bxc4 44. Kf4 c3 45. Bc5 Bd8 46. Bd4 Bc7+ 47. e5 Ba5 48. Ke4 Bb4 49. Bb6 Ba3 50. Ba5 Bb2 51. Bb4 Ba1 52. Kd3 Kxe5 53. Bxc3+ Bxc3 54. Kxc3 Kf4 55. Kd3 Kg3 56. c4 Kxh3 57. c5 Kg2 58. c6 h4 59. c7 h3 60. c8Q h2 61. Qc2+ Kg1 62. Ke3 1-0

[Event "Wichern op 6th"]
[Site "Hamburg"]
[Date "2001.10.13"]
[Round "1.46"]
[White "Joehnk, Christian"]
[Black "Chen, Tsung"]
[Result "1/2-1/2"]
[WhiteElo "1840"]
[BlackElo "2181"]
[PlyCount "27"]
[EventDate "2001.10.21"]
[EventType "swiss"]
[EventRounds "9"]
[EventCountry "GER"]
[SourceTitle "EXT 2002"]
[Source "ChessBase"]
[SourceDate "2001.11.25"]
[SourceVersion "1"]
[SourceVersionDate "2001.11.25"]
[SourceQuality "1"]

1. d4 e6 2. Nf3 Nf6 3. Bg5 c5 4. c3 Be7 5. Nbd2 cxd4 6. Nxd4 d5 7. Qc2 0-0 8. e4 dxe4 9. Nxe4 Nxe4 10. Bxe7 Qxe7 11. Qxe4 Nd7 12. Bd3 Nf6 13. Qh4 e5 14. Bxh7+ 1/2-1/2